عرض عادي
عرض مارك
- Sternheim, Morton M.,
مدخل إسم شخص
001 - رقم الضبط
- حقل الضبط: 10859
003 - معرف رقم الضبط
- حقل الضبط: OSt
005 - تاريخ ووقت أخر عملية
- حقل الضبط: 20120412222529.0
008 - عناصر بيانات ثابتة الطول
- حقل تحكم ثابت الطول: 120412|||a|||||| | ||| d
040 ## - مصدر الفهرسة
- هيئة الفهرسة الأصلية: OSt
- وكالة الكتابة: OSt
100 ## - مدخل -- أسم شخص
- إسم شخص: Sternheim, Morton M.,
- تواريخ مرتبطة بالاسم: 1933-
670 ## - بيانات المصدر موجوده
- الاستشهاد بالمصدر: Work cat.: (OSt)0: Kane, Joseph W., 1938- 10858, Physics /, c1988.
